003980000a220010900045001000020000002450086000203000053001067730014001599420008001739520090001819990017002711 aVermont, Claude10aWarren Christopher : "El desafío de los palestinos es gobernar con sabiduría" aVol. 60, Num. 60 (Agosto, 1994), Páginas 56-570 tCambio 16 cANA 001040708HEMaFUSBCbFUSBCd2016-01-26l0o r2016-01-26 00:00:00w2016-01-26yANA c58572d58572